[Event "41th GRE-ch Women 2018"]
[Site "Thessaloniki"]
[Date "2018.12.20"]
[Round "9"]
[White "Makka, Ioulia"]
[Black "Markantonaki, Haritomeni"]
[Result "1-0"]
[WhiteElo "2065"]
[BlackElo "2152"]
[Annotator "TA"]
[PlyCount "159"]
[EventDate "2018.12.12"]
[EventType "tourn"]
[EventCountry "GRE"]
[SourceTitle "playchess.com"]
[Source "ChessBase"]
[SourceQuality "1"]

{[%evp 11,159,6,13,-33,-24,-25,0,-14,0,-28,5,-62,-40,-69,-20,-20,-32,-22,-16,-6,-12,-43,0,-24,6,16,100,97,107,97,84,78,62,58,160,168,167,159,154,160,186,159,183,81,95,83,200,206,183,190,181,188,181,181,227,235,233,199,286,284,267,279,269,205,274,295,308,310,270,270,331,233,223,163,199,199,179,180,186,95,96,93,104,92,130,75,93,80,80,0,0,0,0,0,0,0,0,0,0,0,0,0,0,0,0,0,0,0,0,0,8,8,75,73,326,348,332,287,1991,1891,1753,1621,1914,2125,6408,11688,29971,29970,6713,4914,29976,29972,29977,29952,29981,29975,29975,29973,29985,29979,29982,29983,29983,29984,29984,29985,29983,29981,29984,29985]} 1. e4 c5 2. Nf3 e6 3. b3 a6 4. Bb2 Nc6 5. c4 Nf6 6. e5 {B40: Sicilian: 2...e6, Unusual lines} Ng4 {LiveBook: 28 Games} 7. Qe2 (7. h3 Nh6 8. g4 d6 9. Bg2 dxe5 10. Nxe5 Nxe5 11. Bxe5 f6 12. Bb2 Nf7 13. d4 cxd4 14. Qxd4 {0-1 (32) Onischuk,V (2637)-Svidler,P (2765) Riadh 2017}) 7... d6 8. exd6 {Black has an edge.} Qxd6 9. Nc3 Nf6 $146 ({Predecessor:} 9... Nh6 10. Ne4 Qd8 11. d4 cxd4 12. O-O-O Qa5 13. Nxd4 {1-0 (40) Rowson,J (2490)-Hillarp Persson,T (2445) Edinburgh 1997}) 10. O-O-O Be7 11. h3 ({Better is} 11. Ne4 $11 Nxe4 12. Qxe4) 11... O-O $15 12. g4 $1 Nd4 13. Nxd4 cxd4 14. Ne4 Qf4 15. Bg2 Rd8 16. Kb1 Rb8 17. Qf3 Qe5 18. Rhe1 Qa5 (18... Ne8 $11 {remains equal.}) 19. Qg3 $1 $36 {[%cal Rg3b8][%mdl 2048] White is on the roll.} Ra8 {[%cal Bb8a8,Ba8a7,Ba7d7,Bd7d3][%mdl 32]} 20. f4 Ra7 21. Nxf6+ Bxf6 22. Re4 b6 (22... g6 $14) 23. g5 Be7 24. Rxd4 ({But not} 24. Bxd4 $6 Rad7 $14) 24... Rxd4 25. Bxd4 Rd7 26. Bc3 Qf5+ 27. Kb2 (27. d3 $18 {is the precise move to win.}) 27... Rd3 28. Qf2 Bc5 (28... Bxg5 $16 {was worth a try.} 29. Qe2 (29. Qxb6 Bxf4 30. Bd5 Rxd5 $14) 29... Rxc3 30. dxc3 Qxf4) 29. Qe2 $1 $18 Rg3 30. Be5 Qd3 31. Qxd3 Rxd3 {[#]} 32. h4 $1 {[%cal Bh3h4,Bh4h5][%mdl 32]} Rg3 33. Bc6 Rg4 34. h5 f6 (34... Be7 {was necessary.} 35. d4 f6) 35. gxf6 gxf6 36. Bxf6 Rxf4 37. Bc3 Bd4 38. Bxd4 Rxd4 {[%mdl 4096] Endgame KRB-KRB} 39. Kc3 Rh4 40. Rh1 Rg4 41. d4 Kf7 42. Kd3 h6 43. Rf1+ Ke7 44. Be4 Bd7 {[#]} 45. Ke3 (45. Bg6 $1 $18) 45... Be8 $16 46. Rh1 Rg5 47. Bf3 Kd6 48. Rh2 (48. b4 $142) 48... a5 49. a3 Bc6 50. Bd1 ({White should try} 50. Bxc6 $16 Kxc6 51. Rh3) 50... Rg3+ $11 51. Kd2 a4 52. bxa4 Rxa3 53. Rf2 Bxa4 54. Be2 Ra2+ 55. Ke3 Ra3+ 56. Kd2 Ke7 57. Rg2 Ra2+ 58. Ke1 Ra1+ 59. Kd2 {Hoping for Rg7+.} Ra2+ 60. Ke1 Bc2 61. Rg7+ Kd6 (61... Kf6 $11 62. Rb7 Rb2) 62. Rb7 $16 Be4 $2 {[%mdl 8192]} (62... Rb2 $16) 63. Rxb6+ $18 Kd7 64. Bg4 Bf5 $2 (64... Rg2) 65. Bxf5 exf5 {KR-KR} 66. c5 Ke7 67. Rxh6 Ra4 68. Rd6 Ra2 69. h6 Rh2 70. Kf1 f4 71. Kg1 {White mates.} Rh4 72. Kf2 Ke8 73. Kf3 Ke7 74. Ra6 Kd7 75. Rg6 Kc7 76. d5 {[%cal Bd4d5,Bd5d6][%mdl 32]} Kb7 77. Rg7+ Ka6 78. h7 Kb5 79. Rc7 Kc4 80. d6 {Accuracy: White = 64%, Black = 33%.} 1-0

[Event "41th GRE-ch Women 2018"]
[Site "Thessaloniki"]
[Date "2018.12.20"]
[Round "9"]
[White "Fragkou, Eleni"]
[Black "Tsivelekidou, Evgenia"]
[Result "1/2-1/2"]
[WhiteElo "2031"]
[BlackElo "1861"]
[Annotator "NA RC"]
[PlyCount "104"]
[EventDate "2018.12.12"]
[EventType "tourn"]
[EventCountry "GRE"]
[SourceTitle "playchess.com"]
[Source "ChessBase"]
[SourceQuality "1"]
[TimeControl "40/5400+30:1800+30"]

1. e4 {[%emt 0:00:00]} e5 {[%emt 0:00:00]} 2. Nf3 {[%emt 0:00:00]} Nc6 {[%emt 0:00:00]} 3. d4 {[%emt 0:00:05]} exd4 {[%emt 0:00:00]} 4. Nxd4 {[%emt 0:00:42]} Nf6 {[%emt 0:00:00]} 5. Nxc6 {[%emt 0:00:15]} bxc6 {[%emt 0:00:03]} 6. e5 {[%emt 0:00:12]} Qe7 {[%emt 0:00:18]} 7. Qe2 {[%emt 0:00:13]} Nd5 {[%emt 0:00:07]} 8. c4 {[%emt 0:00:26]} Nb6 {[%emt 0:00:20]} 9. Nc3 {[%emt 0:00:27]} Qe6 {[%emt 0:01:27] LiveBook: 488 Games} 10. Qe4 {[%emt 0:00:51]} Be7 {[%emt 0:09:36] C45: Scotch Game} (10... g6 11. Bd2 Bg7 12. c5 Nd5 13. Bc4 Qxe5 14. Qxe5+ Bxe5 15. Bxd5 cxd5 16. O-O-O O-O 17. Nxd5 Rb8 18. Bc3 Bxc3 19. Nxc3 {1-0 (49) Yu,Y (2729)-Dominguez Perez,L (2739) Doha 2016}) 11. Bd3 {[%emt 0:12:42]} Bb7 {[%emt 0:08:22]} 12. O-O {[%emt 0:16:46]} d5 $146 {[%emt 0:11:57]} ({Predecessor:} 12... c5 13. Qe2 a6 14. Bd2 O-O 15. Rae1 Rfe8 16. b3 Rad8 17. f4 f5 18. exf6 Qxf6 {1-0 (38) Volkov,D (2248)-Lee,J (1682) Philadelphia 2017}) 13. exd6 {[%emt 0:08:43]} Qxe4 {[%emt 0:14:03]} 14. d7+ {[%emt 0:06:29]} ({Much worse is} 14. Bxe4 cxd6 15. Bd3 O-O $14) (14. Nxe4 $16 cxd6 15. Re1) 14... Nxd7 {[%emt 0:04:58]} 15. Bxe4 {[%emt 0:01:45]} O-O {[%emt 0:03:21]} 16. Bf4 {[%emt 0:04:47]} Bd6 {[%emt 0:09:10]} 17. Bxd6 {[%emt 0:13:11]} cxd6 {[%emt 0:00:05]} 18. Rfd1 {[%emt 0:00:18]} Ne5 {[%emt 0:08:01]} 19. Rxd6 {[%emt 0:07:33]} Nxc4 {[%emt 0:01:12]} 20. Rd7 {[%emt 0:04:01]} Rab8 {[%emt 0:03:37]} 21. Na4 {[%emt 0:06:37]} Nb6 {[%emt 0:02:37]} 22. Nxb6 {[%emt 0:01:17]} axb6 {[%emt 0:00:05]} 23. Rad1 {[%emt 0:00:21]} Bc8 {[%emt 0:03:30]} 24. Ra7 {[%emt 0:04:25]} c5 {[%emt 0:03:53]} 25. Bd5 {[%emt 0:03:31]} Bf5 {[%emt 0:01:57]} 26. f3 {[%emt 0:04:21]} h5 {[%emt 0:01:13]} 27. a4 {[%emt 0:01:30]} Bg6 {[%emt 0:01:53]} 28. Bc4 {[%emt 0:01:07]} Rfd8 {[%emt 0:02:36]} 29. Rdd7 {[%emt 0:00:22]} Rxd7 {[%emt 0:01:19]} 30. Rxd7 {[%emt 0:00:05]} Kf8 {[%emt 0:01:15]} 31. Kf2 {[%emt 0:00:12]} f6 {[%emt 0:04:51]} 32. b3 {[%emt 0:00:44]} Be8 {[%emt 0:00:45]} 33. Rc7 {[%emt 0:00:17]} Rd8 {[%emt 0:01:18]} 34. Rb7 {[%emt 0:00:15]} Rd6 {[%emt 0:00:39]} 35. Ke3 {[%emt 0:01:06]} Bd7 {[%emt 0:01:28]} 36. f4 {[%emt 0:01:33]} f5 {[%emt 0:01:08]} 37. g3 {[%emt 0:00:16]} Be6 {[%emt 0:00:22] [#]} 38. Bxe6 $1 {[%emt 0:00:40]} Rxe6+ {[%emt 0:00:04]} 39. Kd3 {[%emt 0:00:31]} h4 {[%emt 0:00:34]} 40. gxh4 {[%emt 0:00:00]} Rd6+ {[%emt 0:00:00]} 41. Ke3 {[%emt 0:09:27]} Kg8 {[%emt 0:05:11]} 42. h5 {[%emt 0:02:49]} Kh7 {[%emt 0:04:43]} 43. Rb8 {[%emt 0:01:39]} Rc6 {[%emt 0:02:48]} 44. Kd3 {[%emt 0:06:01]} Rd6+ {[%emt 0:00:35]} 45. Kc3 {[%emt 0:01:43]} Re6 {[%emt 0:01:12]} 46. Rf8 {[%emt 0:02:34]} Re3+ {[%emt 0:05:20]} 47. Kc2 {[%emt 0:01:25]} Re2+ {[%emt 0:02:11]} 48. Kd3 {[%emt 0:00:36]} Rxh2 {[%emt 0:00:45]} 49. Rxf5 {[%emt 0:00:08]} Rh3+ {[%emt 0:01:30]} 50. Kc4 {[%emt 0:01:54]} Re3 {[%emt 0:01:02]} 51. Re5 {[%emt 0:03:53]} Rf3 {[%emt 0:00:30]} 52. Re4 {[%emt 0:01:10]} Kg8 $18 {[%emt 0:01:05]} (52... Kh6 $142 53. Re6+ {[%mdl 64] Double Attack} Kxh5) 1/2-1/2

[Event "41th GRE-ch Women 2018"]
[Site "Thessaloniki"]
[Date "2018.12.20"]
[Round "9"]
[White "Petraki, Evaggelia"]
[Black "Skaraki, Antigoni"]
[Result "1/2-1/2"]
[WhiteElo "1756"]
[BlackElo "2012"]
[Annotator "NA RC"]
[PlyCount "151"]
[EventDate "2018.12.12"]
[EventType "tourn"]
[EventCountry "GRE"]
[SourceTitle "playchess.com"]
[Source "ChessBase"]
[SourceQuality "1"]
[TimeControl "40/5400+30:1800+30"]

1. e4 {[%emt 0:00:00]} c5 {[%emt 0:00:00]} 2. Nf3 {[%emt 0:00:00]} d6 {[%emt 0:00:00]} 3. d4 {[%emt 0:00:00]} cxd4 {[%emt 0:00:00]} 4. Nxd4 {[%emt 0:00:00]} Nf6 {[%emt 0:00:00]} 5. Nc3 {[%emt 0:00:00]} Nc6 {[%emt 0:00:00]} 6. Bg5 {[%emt 0:00:04]} e6 {[%emt 0:00:42]} 7. Qd2 {[%emt 0:00:08]} a6 {[%emt 0:00:10]} 8. O-O-O {[%emt 0:00:14]} Bd7 {[%emt 0:00:35]} 9. Kb1 {[%emt 0:00:46]} b5 {[%emt 0:00:51] B67: Sicilian: Richter-Rauzer: 7...a6 8 0-0-0 Bd7, lines without 9 f4 Be7} (9... Nxd4 10. Qxd4 h6 11. Bc1 Bc6 12. f3 Qc7 13. Be2 O-O-O 14. Qf2 d5 15. Be3 Rd7 16. Bb6 Qb8 17. exd5 Nxd5 18. Nxd5 Rxd5 19. Rxd5 exd5 {1-0 (32) Inarkiev,E (2702)-Gelfand,B (2729) Nazran 2017}) 10. f4 {[%emt 0:00:46] LiveBook: 5 Games} Rc8 $146 {[%emt 0:02:16]} ({Predecessor:} 10... b4 11. Bxf6 Qxf6 12. Nce2 Rb8 13. g4 Qd8 14. h4 a5 15. g5 Qb6 16. h5 a4 17. Nxc6 Bxc6 {0-1 (92) Zelcic,R (2557)-Jankovic,A (2541) Otocac 2010}) 11. Nxc6 {[%emt 0:03:33]} Bxc6 {[%emt 0:00:20]} 12. e5 {[%emt 0:00:26]} ({White should try} 12. Qe3 $14) 12... dxe5 {[%emt 0:00:29]} 13. fxe5 {[%emt 0:03:27]} (13. Qf2 $11 Qc7 14. Bxf6 gxf6 15. f5) 13... Qxd2 {[%emt 0:01:42]} 14. Rxd2 {[%emt 0:00:28]} Nd7 {[%emt 0:10:43]} 15. Bf4 {[%emt 0:05:08]} Bb4 {[%emt 0:00:47]} 16. Rd3 {[%emt 0:01:33]} O-O {[%emt 0:12:24]} 17. Rg3 {[%emt 0:13:51]} Bxc3 {[%emt 0:06:42]} 18. bxc3 {[%emt 0:00:05]} Be4 {[%emt 0:04:31]} 19. h4 {[%emt 0:04:49]} Kh8 {[%emt 0:16:07]} 20. Bd3 {[%emt 0:19:37]} (20. Be2 $142) 20... Nc5 {[%emt 0:02:24]} 21. c4 {[%emt 0:07:04]} Bxd3 {[%emt 0:05:38]} 22. cxd3 {[%emt 0:00:06]} bxc4 {[%emt 0:00:06]} 23. dxc4 {[%emt 0:00:08]} Ne4 {[%emt 0:00:22]} 24. Rb3 {[%emt 0:02:47]} Rxc4 {[%emt 0:00:50]} 25. Rc1 {[%emt 0:00:06]} Rxc1+ {[%emt 0:02:15]} 26. Bxc1 {[%emt 0:00:08]} h6 {[%emt 0:08:31]} 27. Rb6 {[%emt 0:01:14]} Ra8 {[%emt 0:00:37]} 28. Rc6 {[%emt 0:00:15]} Nf2 {[%emt 0:05:39]} 29. Kc2 {[%emt 0:02:37]} Ng4 {[%emt 0:02:37]} 30. Bf4 {[%emt 0:01:27]} h5 {[%emt 0:00:53]} (30... Kh7 $17 31. Bg3 Kg6) 31. Kb3 {[%emt 0:17:34]} Kh7 {[%emt 0:00:06]} 32. Rb6 {[%emt 0:06:13]} Kg6 {[%emt 0:00:27]} 33. Rb7 {[%emt 0:00:55]} Nf2 {[%emt 0:04:18]} 34. Be3 {[%emt 0:01:48]} Nd3 {[%emt 0:00:27]} 35. Bd4 {[%emt 0:01:17]} f6 {[%emt 0:03:37]} 36. exf6 {[%emt 0:01:41]} gxf6 {[%emt 0:00:05]} 37. Rb6 {[%emt 0:02:00]} Kf5 {[%emt 0:01:29]} 38. g3 {[%emt 0:01:27]} e5 {[%emt 0:01:30]} 39. Bg1 $2 {[%emt 0:01:43]} (39. Be3) 39... Nc1+ {[%emt 0:00:15]} 40. Kb2 {[%emt 0:00:00]} Ne2 {[%emt 0:00:00]} 41. Bf2 {[%emt 0:01:27]} Nd4 {[%emt 0:14:56]} 42. Kc3 {[%emt 0:06:43]} Ne6 {[%emt 0:13:40]} 43. Kd3 {[%emt 0:02:12]} Rd8+ {[%emt 0:00:51]} 44. Ke2 {[%emt 0:01:04]} Nc7 {[%emt 0:02:22]} 45. Rc6 {[%emt 0:01:04]} Rd7 {[%emt 0:00:10]} 46. a4 {[%emt 0:03:00]} e4 {[%emt 0:03:33]} 47. a5 {[%emt 0:05:29]} Ke5 {[%emt 0:03:41]} 48. Be3 {[%emt 0:06:42]} Nd5 {[%emt 0:00:07]} 49. Bf4+ {[%emt 0:01:40]} Nxf4+ {[%emt 0:01:47]} 50. gxf4+ {[%emt 0:00:02] [#]} Kxf4 $2 {[%emt 0:00:41]} ({Better is} 50... Kf5 $1 $19 51. Rxa6 Rd5) 51. Rxf6+ {[%emt 0:00:04]} Kg4 {[%emt 0:01:02]} 52. Rxa6 {[%emt 0:00:06]} Rd4 {[%emt 0:00:42]} 53. Ke3 {[%emt 0:01:52]} Ra4 {[%emt 0:00:01]} 54. Re6 {[%emt 0:00:20]} Rxa5 55. Rxe4+ {[%emt 0:00:08]} Kg3 {[%emt 0:01:50]} 56. Ke2 {[%emt 0:01:56]} Ra2+ {[%emt 0:00:06]} 57. Ke3 {[%emt 0:00:15]} Rb2 {[%emt 0:01:06]} 58. Rd4 {[%emt 0:01:40]} Rh2 {[%emt 0:00:32]} 59. Rc4 {[%emt 0:00:30]} Ra2 {[%emt 0:00:26]} 60. Rd4 {[%emt 0:00:32]} Ra3+ {[%emt 0:00:27]} 61. Ke2 {[%emt 0:00:31]} Ra8 {[%emt 0:00:10]} 62. Ke3 {[%emt 0:01:14]} Re8+ {[%emt 0:00:13]} 63. Re4 {[%emt 0:00:18]} Rg8 {[%emt 0:00:38]} 64. Ke2 {[%emt 0:02:55]} Rg6 {[%emt 0:00:57]} 65. Ke3 {[%emt 0:01:37]} Kh3 {[%emt 0:00:37]} 66. Ke2 {[%emt 0:00:15]} Rg7 {[%emt 0:00:38]} 67. Rf4 {[%emt 0:00:35]} Rg2+ {[%emt 0:00:20]} 68. Kf3 {[%emt 0:02:24]} Rg4 {[%emt 0:00:56]} 69. Re4 $11 {[%emt 0:00:03]} Kxh4 {[%emt 0:00:14]} 70. Rxg4+ {[%emt 0:00:12]} hxg4+ {[%emt 0:00:03]} 71. Kg2 {[%emt 0:00:03]} g3 {[%emt 0:00:11]} 72. Kg1 {[%emt 0:00:23]} Kh3 {[%emt 0:00:29]} 73. Kh1 {[%emt 0:00:05]} Kg4 {[%emt 0:00:19]} 74. Kg2 {[%emt 0:00:09]} Kf4 {[%emt 0:00:03]} 75. Kg1 {[%emt 0:00:10]} Kf3 {[%emt 0:00:07]} 76. Kf1 {[%emt 0:00:04]} 1/2-1/2

[Event "41th GRE-ch Women 2018"]
[Site "Thessaloniki"]
[Date "2018.12.20"]
[Round "9"]
[White "Nikolaidou, Eleni"]
[Black "Androni, Konstantina"]
[Result "0-1"]
[WhiteElo "1707"]
[BlackElo "1912"]
[Annotator "NA RC"]
[PlyCount "70"]
[EventDate "2018.12.12"]
[EventType "tourn"]
[EventCountry "GRE"]
[SourceTitle "playchess.com"]
[Source "ChessBase"]
[SourceQuality "1"]
[TimeControl "40/5400+30:1800+30"]

1. e4 {[%emt 0:01:17]} d6 {[%emt 0:00:45]} 2. Bc4 {[%emt 0:01:53]} Nf6 {[%emt 0:01:00]} 3. d3 {[%emt 0:00:09]} g6 {[%emt 0:02:16]} 4. c3 {[%emt 0:00:15] B07: Pirc Defence: Miscellaneous Systems} (4. Nf3 Bg7 5. O-O O-O 6. c3 d5 7. exd5 Nxd5 8. d4 Nc6 9. Re1 Bf5 10. Nbd2 Nb6 11. Bb3 Na5 12. Nf1 Nxb3 13. axb3 Be6 14. Ng3 a6 15. h3 Rc8 16. c4 c6 17. Bf4 Qd7 18. Qd2 Rcd8 19. Rad1 Bf5 20. Bh6 Bxh6 21. Qxh6 f6 22. Nxf5 gxf5 23. Qe3 Rfe8 24. d5 cxd5 25. Qxb6 {1-0 (25) Savic,M (2628)-Tadic,B (2561) Belgrade 2016}) 4... Bg7 {[%emt 0:00:14]} 5. Ne2 {[%emt 0:01:50]} c6 {[%emt 0:01:06]} 6. Bb3 {[%emt 0:01:17]} e5 {[%emt 0:03:20]} 7. O-O O-O {[%emt 0:00:09]} 8. Bg5 {[%emt 0:09:26]} h6 {[%emt 0:03:35]} 9. Bh4 {[%emt 0:00:11]} Nbd7 {[%emt 0:00:55]} 10. Nd2 $146 {[%emt 0:02:22]} ({Predecessor:} 10. Bg3 Nh5 11. d4 {½-½ (19) Candea,G (2232)-Olesen,P (2060) Condino 2009}) 10... Nc5 {[%emt 0:05:20]} 11. Bc2 {[%emt 0:00:20]} Qc7 {[%emt 0:06:09]} 12. Rc1 {[%emt 0:16:10]} Bd7 {[%emt 0:04:40]} 13. b4 {[%emt 0:03:25]} Ne6 {[%emt 0:00:21]} 14. Bb3 {[%emt 0:00:48]} Rae8 {[%emt 0:06:39]} 15. f3 {[%emt 0:04:18]} Nh5 {[%emt 0:01:54]} 16. Bf2 {[%emt 0:01:26]} Qd8 {[%emt 0:01:11]} 17. Nc4 {[%emt 0:01:32]} Bc8 {[%emt 0:07:45]} 18. Bxa7 {[%emt 0:03:11]} Nef4 {[%emt 0:07:21]} 19. Be3 {[%emt 0:09:53]} b5 {[%emt 0:06:32]} ({Black should try} 19... d5) 20. Na5 {[%emt 0:03:03]} Bd7 {[%emt 0:08:08]} 21. a4 {[%emt 0:11:53]} Qg5 {[%emt 0:01:13]} 22. Nxf4 {[%emt 0:01:28]} exf4 {[%emt 0:00:08]} 23. Bd4 {[%emt 0:01:36]} c5 {[%emt 0:03:55]} 24. bxc5 {[%emt 0:00:46]} dxc5 {[%emt 0:00:05]} 25. Bxg7 {[%emt 0:01:09]} Kxg7 {[%emt 0:00:08]} 26. axb5 {[%emt 0:01:01]} Bxb5 $18 {[%emt 0:00:25]} 27. Bc4 {[%emt 0:03:29]} Bd7 {[%emt 0:00:33]} 28. Qd2 {[%emt 0:07:31]} Re5 {[%emt 0:04:55]} 29. Bd5 {[%emt 0:00:38]} Qh4 {[%emt 0:01:08]} 30. Qf2 {[%emt 0:02:18]} Ng3 {[%emt 0:00:41]} 31. h3 {[%emt 0:03:37]} Rg5 {[%emt 0:03:51]} 32. Kh2 {[%emt 0:01:44]} Nxf1+ {[%emt 0:09:19]} 33. Rxf1 {[%emt 0:04:10]} Rg3 {[%emt 0:00:05]} 34. Qxc5 {[%emt 0:02:21]} Bxh3 {[%emt 0:00:33]} 35. Rf2 {[%emt 0:00:31]} Bxg2+ 0-1